Leaves (Record no. 408265)

MARC details
000 -LEADER
fixed length control field 00282nam a2200097Ia 4500
082 ## - DEWEY DECIMAL CLASSIFICATION NUMBER
Classification number J 581.48 WHIT
008 - FIXED-LENGTH DATA ELEMENTS--GENERAL INFORMATION
fixed length control field 210817s9999 xx 000 0 und d
100 ## - MAIN ENTRY--PERSONAL NAME
Personal name Whitehouse, Patricia, , 1958- Chicago, Ill., [c.2009] Rev. and updated
245 #0 - TITLE STATEMENT
Title Leaves
942 ## - ADDED ENTRY ELEMENTS
item type Books

No items available.